Library Banner

دینی مدارس تبدیلی کے رجحانات: (Record no. 92280)

MARC details
000 -LEADER
fixed length control field 00565nam a22001577a 4500
005 - DATE AND TIME OF LATEST TRANSACTION
control field 20170403104348.0
008 - FIXED-LENGTH DATA ELEMENTS--GENERAL INFORMATION
fixed length control field 170403b xxu||||| |||| 00| 0 eng d
020 ## - INTERNATIONAL STANDARD BOOK NUMBER
International Standard Book Number 9789694480923
040 ## - CATALOGING SOURCE
Transcribing agency PK-LaUMT
082 ## - DEWEY DECIMAL CLASSIFICATION NUMBER
Classification number ZIAC 297.071095491
Item number KHA-D
100 ## - MAIN ENTRY--PERSONAL NAME
Personal name خالد رحمن
245 ## - TITLE STATEMENT
Title دینی مدارس تبدیلی کے رجحانات:
Remainder of title پاکستان کی بڑی دینی جامعات کا مطالعہ/
Statement of responsibility, etc خالد رحمن
260 ## - PUBLICATION, DISTRIBUTION, ETC. (IMPRINT)
Place of publication, distribution, etc اسلام آباد:
Name of publisher, distributor, etc انسٹی ٹیوٹ آف پالیسی اسٹڈیز،
Date of publication, distribution, etc 2008
300 ## - PHYSICAL DESCRIPTION
Extent 241 ص
942 ## - ADDED ENTRY ELEMENTS (KOHA)
Koha item type Books
Holdings
Withdrawn status Lost status Damaged status Home library Current library Date acquired Full call number Barcode Date last seen Price effective from Koha item type
      UMT Main Campus UMT Main Campus 2017-04-03 ZIAC 297.071095491 KHA-D 106971 2017-04-03 2017-04-03 Books